书目信息 |
| 书名: | A selection of prose pieces | |
| 作者: | by Yang Shuo ; [translated by Lee Yu-hwa.] | |
| 分册号: | ||
| 分册名: | 出版地: | Beijing : |
|
| 出版社: | Foreign Languages Pr | |
| 出版时间: | 1980. | |
| 页数: | 105 p. ; | |
| 开本: | 19 cm. | |
| 丛书名: | ||
| 中图分类号: | ||
| 科图分类号: | ||
| 其他分类号: | H319.4 | |
| 主题词: | ||
| 电子资源: | ||
| 000 | 00905nam 2200253 a 4500 | |
| 001 | E0733745560 | |
| 005 | 20070301092431.51 | |
| 008 | uu | |
| 020 | @cCNY1.10. | |
| 040 | @aCcBjTSG | |
| 041 | 1 | @aeng @hchi |
| 043 | @aa-cc--- | |
| 049 | @aN5LA | |
| 090 | @a2C/I267/YSEn////////////912319-21/ 3cop./383960-62/ cop.4-6 | |
| 090 | @aH319.4 | |
| 096 | @aI267 @v2 | |
| 099 | @dH319.4@ex292 | |
| 100 | 1 | @aYang, Shuo, @d1913-1968. |
| 240 | 10 | @aSelections. @lEnglish |
| 245 | 12 | @aA selection of prose pieces / @cby Yang Shuo ; [translated by Lee Yu-hwa.] |
| 260 | @aBeijing :@bForeign Languages Pr.,@c1980. | |
| 300 | @a105 p. ;@c19 cm. | |
| 700 | 1 | @aLee, Yu-Hwa. @b00 @c20020930 @lNLC09 @h2246 @lNLC09 @h2303 @b40 @c20030105 @lNLC09 @h1135 @b40 @c20030105 @lNLC09 @h1144 @b40 @c20030105 @lNLC09 @h1144 @lNLC09 @h1854 @b40 @c20051120 @lNLC09 @h0722 |
| 852 | 9 | @bWWJC @cJ08S @k2C @hI267 @iYSEn |
| A selection of prose pieces / / by Yang Shuo ; [translated by Lee Yu-hwa.].-Beijing : : Foreign Languages Pr., , 1980. |
| 105 p. ; ; 19 cm. |
| ISBN CNY1.10. |
| ● |
| 相关链接 |
|
|
|
|
正题名:selection of prose pieces
索取号:H319.4/x292
 
预约/预借
| 序号 | 登录号 | 条形码 | 馆藏地/架位号 | 状态 | 备注 |
| 1 | 47046 | 001427478 | 第四借阅区/ [索取号:H319.4/x292] | 在馆 | |
| 2 | 47047 | 001427487 | 第四借阅区/ [索取号:H319.4/x292] | 在馆 | |
| 3 | 47048 | 001427511 | 第四借阅区/ [索取号:H319.4/x292] | 在馆 |